[Event "Kirsehir Ahilik op"]
[Site "Kirsehir"]
[Date "2021.09.17"]
[Round "7"]
[White "Aydogdu, Selcan Ayberk"]
[Black "Demircin, Kasim"]
[Result "1/2-1/2"]
[WhiteElo "1921"]
[BlackElo "1944"]
[PlyCount "127"]
[EventDate "2021.09.13"]
[EventType "swiss"]
[EventRounds "9"]
[EventCountry "TUR"]
[SourceTitle "CBM 204 Extra"]
[Source "ChessBase"]
[SourceDate "2021.11.30"]
[SourceVersion "1"]
[SourceVersionDate "2021.11.30"]
[SourceQuality "1"]

1. d4 Nf6 2. c4 e6 3. g3 Be7 4. Bg2 d5 5. Nf3 0-0 6. 0-0 c6 7. Qc2 Nbd7 8. Nbd2 b6 9. e4 dxe4 10. Nxe4 Bb7 11. Rd1 Qc8 12. Nxf6+ Nxf6 13. Ne5 c5 14. d5 exd5 15. cxd5 Bd6 16. Nc4 Qd7 17. Bg5 Ne8 18. Re1 h6 19. Bd2 Rd8 20. Rad1 Ba6 21. Ne3 Be5 22. Nf5 Bf6 23. Bf4 Bc8 24. Be4 Qb5 25. d6 Bxf5 26. Bxf5 g5 27. d7 gxf4 28. dxe8Q Rfxe8 29. Rxd8 Rxd8 30. b3 fxg3 31. hxg3 Qb4 32. Qe4 Qd2 33. Qe3 Kg7 34. a4 Qb4 35. Kg2 Rd5 36. Rh1 Bg5 37. Qf3 Qd2 38. Be4 Rd6 39. Rf1 a6 40. Qf5 Qd4 41. Qh7+ Kf8 42. Bf3 Qf6 43. Re1 b5 44. axb5 axb5 45. Re2 c4 46. bxc4 bxc4 47. Ra2 Rd8 48. Ra8 Rxa8 49. Bxa8 c3 50. Qc2 Qd4 51. Bf3 Bf6 52. Kf1 Kg7 53. Kg2 Bd8 54. Be4 Bb6 55. Qe2 Qc5 56. Qg4+ Kf8 57. Qf5 Qd4 58. Bc2 Bc5 59. Bb3 f6 60. Qc8+ Ke7 61. Qc7+ Ke8 62. Qc8+ Ke7 63. Qc7+ Ke8 64. Qc8+ 1/2-1/2

[Event "TUR Cup"]
[Site "Antalya"]
[Date "2020.02.02"]
[Round "11"]
[White "Dolgun, Can"]
[Black "Demircin, Kasim"]
[Result "0-1"]
[WhiteElo "2266"]
[BlackElo "1915"]
[PlyCount "136"]
[EventDate "2020.01.26"]
[EventType "swiss"]
[EventRounds "11"]
[EventCountry "TUR"]
[SourceTitle "CBM 194 Extra"]
[Source "ChessBase"]
[SourceDate "2020.03.31"]
[SourceVersion "1"]
[SourceVersionDate "2020.03.31"]
[SourceQuality "1"]

1. e4 e5 2. Nf3 Nc6 3. Bb5 a6 4. Ba4 Nf6 5. 0-0 Nxe4 6. d4 b5 7. Bb3 d5 8. dxe5 Be6 9. c3 Bc5 10. Bf4 g5 11. Bc1 h5 12. Nbd2 Nxd2 13. Qxd2 g4 14. Nd4 Nxe5 15. Re1 Qf6 16. Qg5 Qxg5 17. Bxg5 Bxd4 18. cxd4 Nc4 19. Bc2 Nxb2 20. Bf6 Rg8 21. Re5 Kd7 22. Rxh5 Nc4 23. Bh7 b4 24. Bxg8 Rxg8 25. Rg5 Rxg5 26. Bxg5 a5 27. Kf1 Bf5 28. Ke1 a4 29. h4 gxh3 30. gxh3 b3 31. axb3 axb3 32. Bc1 b2 33. Bxb2 Nxb2 34. h4 Bg4 35. Ra3 Nc4 36. Rg3 Bf5 37. h5 Ke7 38. Rg5 Nd6 39. h6 Kf8 40. h7 Bxh7 41. Rxd5 Ke7 42. Kd2 c6 43. Re5+ Kd7 44. Rh5 Bg6 45. Rh1 Ke6 46. Rc1 Kd7 47. Ra1 Nb5 48. Ke3 Kd6 49. Rc1 Nc7 50. Ra1 Ne6 51. Ra5 f5 52. f4 Nc7 53. Ra2 Nd5+ 54. Kf3 Bh5+ 55. Kg3 Bg4 56. Ra5 Be2 57. Ra3 Nf6 58. Ra1 Ne4+ 59. Kh4 Kd5 60. Re1 Bd3 61. Rc1 Bb5 62. Kh5 Kxd4 63. Kg6 Nd6 64. Rd1+ Bd3 65. Kf6 c5 66. Ke6 Ne4 67. Rc1 Nd2 68. Kd6 c4 0-1

[Event "TUR-chT 1st League"]
[Site "Konya"]
[Date "2019.07.23"]
[Round "3.8"]
[White "Demircin, Kasim"]
[Black "Unver, Cumali"]
[Result "1-0"]
[WhiteElo "1870"]
[BlackElo "2050"]
[PlyCount "82"]
[EventDate "2019.07.22"]
[EventType "team-swiss"]
[EventRounds "9"]
[EventCountry "TUR"]
[SourceTitle "CBM 191 Extra"]
[Source "ChessBase"]
[SourceDate "2019.09.30"]
[SourceVersion "1"]
[SourceVersionDate "2019.09.30"]
[SourceQuality "1"]
[WhiteTeam "Denizli Metin Surmeli"]
[BlackTeam "Varyant Genclik"]
[WhiteTeamCountry "TUR"]
[BlackTeamCountry "TUR"]

1. d4 d6 2. Nf3 Nf6 3. g3 g6 4. Bg2 Bg7 5. 0-0 0-0 6. c3 Nc6 7. Nbd2 e5 8. e4 Bg4 9. Qc2 Nd7 10. dxe5 dxe5 11. h3 Be6 12. Nh4 a5 13. Ndf3 h6 14. b3 a4 15. Be3 Qe7 16. b4 Rfd8 17. Rfd1 Nb6 18. Rxd8+ Qxd8 19. Nd2 Nd4 20. Qd1 Nb5 21. Qc1 Kh7 22. Bf1 Qd7 23. Kh2 Qc6 24. c4 Nd4 25. Bxd4 exd4 26. Bd3 Qd7 27. Qf1 Bf6 28. Nhf3 a3 29. Ng1 Be7 30. c5 Na4 31. f4 f5 32. Ngf3 Nc3 33. Ne5 Qe8 34. exf5 gxf5 35. g4 Bf6 36. Re1 Nd5 37. Nec4 Ne3 38. Nxe3 dxe3 39. Rxe3 Bxa2 40. Bxf5+ Kh8 41. Rxe8+ Rxe8 1-0

[Event "TUR Cup"]
[Site "Antalya"]
[Date "2019.02.03"]
[Round "11"]
[White "Demircin, Kasim"]
[Black "Uysal, Ilyas"]
[Result "0-1"]
[WhiteElo "1878"]
[BlackElo "1718"]
[PlyCount "120"]
[EventDate "2019.01.27"]
[EventType "swiss"]
[EventRounds "11"]
[EventCountry "TUR"]
[SourceTitle "CBM 188 Extra"]
[Source "ChessBase"]
[SourceDate "2019.02.28"]
[SourceVersion "1"]
[SourceVersionDate "2019.02.28"]
[SourceQuality "1"]

1. Nf3 d5 2. g3 Nf6 3. Bg2 Bf5 4. 0-0 e6 5. d4 Bd6 6. c4 c6 7. Nc3 h6 8. Qb3 b6 9. Nd2 Be7 10. cxd5 exd5 11. Nf3 0-0 12. Ne5 Qc8 13. Re1 Qb7 14. a4 a5 15. Bf4 Bb4 16. Red1 Re8 17. Rac1 Na6 18. f3 Rad8 19. g4 Be6 20. Qc2 Be7 21. Qd2 Nb4 22. h3 Rc8 23. e3 Red8 24. Bf1 Nd7 25. Bd3 Nxe5 26. Bxe5 Nxd3 27. Qxd3 Bd6 28. f4 f6 29. Bxd6 Rxd6 30. f5 Bf7 31. Ne2 Re8 32. Re1 Rb8 33. Nf4 Rd7 34. e4 dxe4 35. Qxe4 Rbd8 36. Ne6 Rc8 37. Rc4 Rd6 38. Rec1 Qd7 39. Re1 Re8 40. Qd3 Bxe6 41. fxe6 Rexe6 42. Rxe6 Qxe6 43. Rc1 c5 44. Qc4 Qxc4 45. Rxc4 Rxd4 46. Rxd4 cxd4 47. Kf2 Kf7 48. Kf3 Ke6 49. Ke4 d3 50. Kxd3 Kd5 51. Kc3 g6 52. b4 f5 53. bxa5 bxa5 54. gxf5 gxf5 55. Kd3 f4 56. Ke2 Ke4 57. Kf2 f3 58. Kf1 Ke3 59. h4 h5 60. Ke1 Kf4 0-1

[Event "TUR Cup"]
[Site "Antalya"]
[Date "2019.02.01"]
[Round "9"]
[White "Demircin, Kasim"]
[Black "Ozcan, Kadir Kutay"]
[Result "1-0"]
[WhiteElo "1878"]
[BlackElo "1794"]
[PlyCount "83"]
[EventDate "2019.01.27"]
[EventType "swiss"]
[EventRounds "11"]
[EventCountry "TUR"]
[SourceTitle "CBM 188 Extra"]
[Source "ChessBase"]
[SourceDate "2019.02.28"]
[SourceVersion "1"]
[SourceVersionDate "2019.02.28"]
[SourceQuality "1"]

1. Nf3 g6 2. d4 Bg7 3. g3 Nf6 4. Bg2 0-0 5. 0-0 d5 6. c3 Bg4 7. Ne5 Bc8 8. a4 a5 9. Nd2 c6 10. Qb3 Nfd7 11. Nd3 e5 12. dxe5 Nxe5 13. Nxe5 Bxe5 14. e4 dxe4 15. Nxe4 Qc7 16. Bh6 Bg7 17. Bf4 Be5 18. Bxe5 Qxe5 19. Rfe1 Na6 20. f4 Qe7 21. Qb6 f5 22. Ng5 Qc5+ 23. Qxc5 Nxc5 24. Bf1 h6 25. Bc4+ Kh8 26. Nf7+ Kg7 27. Nd6 b6 28. Re7+ Kf6 29. Rc7 Nxa4 30. Rxa4 b5 31. Ra1 bxc4 32. Rxc6 Bd7 33. Rxc4 Rfb8 34. Rd4 Rxb2 35. Nc4 Rb7 36. Rd6+ Kf7 37. Ne5+ Ke7 38. Rxg6 a4 39. Rg7+ Ke6 40. Nxd7 Rb2 41. Nc5+ Kd5 42. Nxa4 1-0

[Event "TUR Cup"]
[Site "Antalya"]
[Date "2019.01.29"]
[Round "4"]
[White "Aydincelebi, Kagan"]
[Black "Demircin, Kasim"]
[Result "1-0"]
[WhiteElo "2206"]
[BlackElo "1878"]
[PlyCount "83"]
[EventDate "2019.01.27"]
[EventType "swiss"]
[EventRounds "11"]
[EventCountry "TUR"]
[SourceTitle "CBM 188 Extra"]
[Source "ChessBase"]
[SourceDate "2019.02.28"]
[SourceVersion "1"]
[SourceVersionDate "2019.02.28"]
[SourceQuality "1"]

1. e4 e5 2. Nf3 Nc6 3. Bb5 Nf6 4. 0-0 Nxe4 5. Re1 Nd6 6. Nxe5 Be7 7. Bf1 Nxe5 8. Rxe5 0-0 9. d4 Bf6 10. Re1 Nf5 11. c3 d5 12. Bd3 c6 13. Nd2 Nd6 14. Qc2 g6 15. Nf3 Bf5 16. Bf4 Bxd3 17. Qxd3 Bg7 18. Re2 Ne4 19. Rae1 Qd7 20. Ng5 Qg4 21. Nxe4 Qxf4 22. Nc5 b6 23. Nb3 Bf6 24. Qa6 Qc7 25. a4 Kg7 26. a5 h5 27. Qd3 Rad8 28. Rc1 c5 29. Qb5 cxd4 30. cxd4 Qf4 31. Rc3 Bxd4 32. g3 Qf6 33. Rc6 a6 34. Qa4 Rd6 35. Rxd6 Bxf2+ 36. Rxf2 Qxd6 37. Qd4+ Kg8 38. axb6 Rb8 39. Rf6 Qe7 40. Nc5 Qe1+ 41. Rf1 Qa5 42. b7 1-0

[Event "TUR Cup"]
[Site "Antalya"]
[Date "2019.01.28"]
[Round "3"]
[White "Demircin, Kasim"]
[Black "Isik, Alparslan"]
[Result "1-0"]
[WhiteElo "1878"]
[BlackElo "2244"]
[PlyCount "101"]
[EventDate "2019.01.27"]
[EventType "swiss"]
[EventRounds "11"]
[EventCountry "TUR"]
[SourceTitle "CBM 188 Extra"]
[Source "ChessBase"]
[SourceDate "2019.02.28"]
[SourceVersion "1"]
[SourceVersionDate "2019.02.28"]
[SourceQuality "1"]

1. Nf3 d6 2. d4 Nf6 3. e3 Nbd7 4. c4 e5 5. Nc3 g6 6. Be2 Bg7 7. 0-0 0-0 8. Qc2 Qe7 9. b3 e4 10. Nd2 Re8 11. a4 c5 12. Nb5 Nf8 13. dxc5 dxc5 14. Bb2 Bf5 15. Rfd1 a6 16. Nc3 h5 17. Nd5 Nxd5 18. cxd5 Nd7 19. Bxg7 Kxg7 20. a5 Ne5 21. Rac1 Rac8 22. Nc4 Nd7 23. h3 Qg5 24. Kh2 Qh4 25. Bf1 Qe7 26. g3 Rcd8 27. Bg2 Kh7 28. Qc3 Rc8 29. Rd2 Red8 30. Rh1 Re8 31. Kg1 g5 32. h4 g4 33. Kh2 Ne5 34. Rhd1 Nd3 35. d6 Qe6 36. Rxd3 exd3 37. Bxb7 Rb8 38. Bg2 Rb4 39. e4 Bxe4 40. Bxe4+ Qxe4 41. Rxd3 Qf5 42. Rd2 Re1 43. Ne3 Qf3 44. Qc2+ Kg7 45. Ng2 Re8 46. d7 Rd8 47. Qxc5 Rb5 48. Qc7 Qf6 49. Nf4 Qe7 50. b4 Qe1 51. Re2 1-0

[Event "TUR Cup"]
[Site "Antalya"]
[Date "2019.01.28"]
[Round "2"]
[White "Uregen, Rafet"]
[Black "Demircin, Kasim"]
[Result "0-1"]
[WhiteElo "1633"]
[BlackElo "1878"]
[PlyCount "130"]
[EventDate "2019.01.27"]
[EventType "swiss"]
[EventRounds "11"]
[EventCountry "TUR"]
[SourceTitle "CBM 188 Extra"]
[Source "ChessBase"]
[SourceDate "2019.02.28"]
[SourceVersion "1"]
[SourceVersionDate "2019.02.28"]
[SourceQuality "1"]

1. e4 c6 2. d4 d5 3. Nc3 dxe4 4. Nxe4 Nd7 5. Ng5 Ngf6 6. c3 e6 7. Bd3 h6 8. N5f3 Bd6 9. Ne2 Qc7 10. Ng3 c5 11. c4 0-0 12. 0-0 cxd4 13. Nxd4 a6 14. b3 b6 15. Qe2 Bb7 16. Bb2 Rfe8 17. Rad1 Rad8 18. Bb1 Qb8 19. Rfe1 Bb4 20. Rf1 Qf4 21. a3 Bd6 22. Qc2 Nf8 23. Rfe1 Bc5 24. Qd2 Qh4 25. Re5 g6 26. h3 Bd6 27. Ree1 Bxg3 28. fxg3 Qxg3 29. Qf2 Qxf2+ 30. Kxf2 N8h7 31. Nf3 b5 32. Be5 Rc8 33. Rd4 Bc6 34. Bxf6 Nxf6 35. Ne5 bxc4 36. bxc4 Ba4 37. Kg1 Rc5 38. Nd3 Rc7 39. Rf1 Nh5 40. g4 Ng3 41. Rf2 e5 42. Rd5 e4 43. Kg2 exd3 44. Kxg3 Re3+ 45. Kh2 Rxc4 46. Bxd3 Rc3 47. Bf1 Rxa3 48. Ra5 Bb5 49. Rxa3 Rxa3 50. Bg2 Rd3 51. Rf6 Rd2 52. Kg3 Kg7 53. Rb6 Kf8 54. Bb7 Rd3+ 55. Kh2 Ra3 56. Bd5 Be8 57. Rb8 Ke7 58. Rb7+ Kf6 59. Rb8 Ra5 60. Bc4 Bb5 61. Rb6+ Kg7 62. Bb3 Ra3 63. Bd5 Ra5 64. Bb3 Be8 65. Rb8 Rb5 0-1

[Event "TUR-chT2"]
[Site "Konya"]
[Date "2018.07.14"]
[Round "8.9"]
[White "Demircin, Kasim"]
[Black "Yenicirak, Gokdeniz Ege"]
[Result "1-0"]
[WhiteElo "1915"]
[BlackElo "1620"]
[PlyCount "79"]
[EventDate "2018.07.10"]
[EventType "team-swiss"]
[EventRounds "9"]
[EventCountry "TUR"]
[SourceTitle "EXT 2019"]
[Source "ChessBase"]
[SourceDate "2018.10.10"]
[SourceVersion "1"]
[SourceVersionDate "2018.10.10"]
[SourceQuality "1"]
[WhiteTeam "Siirt Cedid"]
[BlackTeam "Yalova Beyaz Fil"]
[WhiteTeamCountry "TUR"]
[BlackTeamCountry "TUR"]

1. Nf3 Nf6 2. g3 g6 3. Bg2 Bg7 4. 0-0 c5 5. c4 Nc6 6. d4 cxd4 7. Nxd4 0-0 8. Nc3 Qb6 9. Nc2 d6 10. b3 a6 11. Bb2 Qc7 12. Ne3 e6 13. Rc1 Ne5 14. Qd2 Neg4 15. Nxg4 Nxg4 16. h3 Nf6 17. Rfd1 Rd8 18. c5 d5 19. Na4 Bd7 20. Nb6 Rab8 21. f4 Ne8 22. Bxg7 Nxg7 23. e4 Bc6 24. exd5 exd5 25. Bxd5 Nf5 26. Qf2 Bxd5 27. Nxd5 Qc6 28. Qg2 Rxd5 29. Qxd5 Qxd5 30. Rxd5 Nxg3 31. Re1 Nf5 32. Rd7 Rc8 33. b4 a5 34. a3 axb4 35. axb4 b6 36. cxb6 Rb8 37. b7 Kg7 38. Rc1 Nd6 39. Rcc7 Nxb7 40. Rxb7 1-0

[Event "TUR-chT2"]
[Site "Konya"]
[Date "2018.07.14"]
[Round "7.6"]
[White "Ermis, Mehmet Eren"]
[Black "Demircin, Kasim"]
[Result "1-0"]
[WhiteElo "1950"]
[BlackElo "1915"]
[PlyCount "137"]
[EventDate "2018.07.10"]
[EventType "team-swiss"]
[EventRounds "9"]
[EventCountry "TUR"]
[SourceTitle "EXT 2019"]
[Source "ChessBase"]
[SourceDate "2018.10.10"]
[SourceVersion "1"]
[SourceVersionDate "2018.10.10"]
[SourceQuality "1"]
[WhiteTeam "Bitlis Dernegi"]
[BlackTeam "Siirt Cedid"]
[WhiteTeamCountry "TUR"]
[BlackTeamCountry "TUR"]

1. e4 e5 2. Nf3 Nf6 3. Nxe5 d6 4. Nf3 Nxe4 5. Nc3 Nxc3 6. dxc3 Be7 7. Bf4 0-0 8. Qd2 Nd7 9. 0-0-0 Nc5 10. Nd4 c6 11. f3 Qa5 12. Kb1 Ne6 13. Nb3 Qa4 14. Be3 c5 15. c4 a6 16. Be2 b5 17. Qa5 Bd8 18. Qxa4 bxa4 19. Nc1 Be7 20. Nd3 Rb8 21. c3 Bf6 22. Kc2 Re8 23. Kd2 a5 24. Rb1 Ba6 25. Nf2 Rb6 26. Ng4 Be7 27. Bd3 Reb8 28. Kc2 g6 29. Nf2 Bf6 30. Rhd1 Bg7 31. Nh3 Be5 32. f4 Bf6 33. g4 Re8 34. Bd2 Nc7 35. Re1 Reb8 36. g5 Bg7 37. Nf2 Bc8 38. Re7 Ne6 39. Ra7 Ba6 40. b3 R8b7 41. Rxb7 Bxb7 42. Be4 Bc8 43. Be3 Bd7 44. Kd2 Nd4 45. cxd4 cxd4 46. Nd1 dxe3+ 47. Nxe3 Rb8 48. bxa4 Rxb1 49. Bxb1 Bxa4 50. Nd5 Bd4 51. Bc2 Bd7 52. Kd3 Ba1 53. Nf6+ Bxf6 54. gxf6 Kf8 55. Kd4 Be6 56. Ba4 h6 57. h4 Kg8 58. a3 Kf8 59. c5 dxc5+ 60. Kxc5 Bf5 61. Kb6 g5 62. fxg5 hxg5 63. hxg5 Kg8 64. Be8 Kf8 65. Bc6 Kg8 66. Kxa5 Kh7 67. Kb6 Kg6 68. a4 Kxg5 69. a5 1-0

[Event "TUR-chT2"]
[Site "Konya"]
[Date "2018.07.11"]
[Round "3.4"]
[White "Taskaya, Muhammed"]
[Black "Demircin, Kasim"]
[Result "1/2-1/2"]
[WhiteElo "2037"]
[BlackElo "1915"]
[PlyCount "64"]
[EventDate "2018.07.10"]
[EventType "team-swiss"]
[EventRounds "9"]
[EventCountry "TUR"]
[SourceTitle "EXT 2019"]
[Source "ChessBase"]
[SourceDate "2018.10.10"]
[SourceVersion "1"]
[SourceVersionDate "2018.10.10"]
[SourceQuality "1"]
[WhiteTeam "Duzce Duzcespor"]
[BlackTeam "Siirt Cedid"]
[WhiteTeamCountry "TUR"]
[BlackTeamCountry "TUR"]

1. e4 e5 2. Nf3 Nc6 3. Bb5 Nf6 4. 0-0 d6 5. d4 exd4 6. Nxd4 Be7 7. Nxc6 bxc6 8. Bxc6+ Bd7 9. Bxa8 Qxa8 10. Nc3 Bc6 11. Re1 0-0 12. Bg5 Qb7 13. b3 h6 14. Bh4 Bd8 15. Qd3 Re8 16. Nd5 g5 17. Bg3 Rxe4 18. Rxe4 Bxd5 19. Re3 Bxg2 20. Rae1 Bh3 21. f3 Kg7 22. Be5 dxe5 23. Qxd8 Nd5 24. Qe8 f6 25. c4 Nxe3 26. Qe7+ Kg6 27. Rxe3 Qb6 28. c5 Qb5 29. Re1 Qd3 30. Qe8+ Kg7 31. Qe7+ Kg6 32. Qe8+ Kg7 1/2-1/2

[Event "Kahramanmaras op 9th"]
[Site "Kahramanmaras"]
[Date "2018.04.08"]
[Round "9"]
[White "Demircin, Kasim"]
[Black "Akkok, Durdu"]
[Result "1-0"]
[WhiteElo "1951"]
[BlackElo "1761"]
[PlyCount "75"]
[EventDate "2018.04.03"]
[EventType "swiss"]
[EventRounds "9"]
[EventCountry "TUR"]
[SourceTitle "CBM 183 Extra"]
[Source "ChessBase"]
[SourceDate "2018.04.19"]
[SourceVersion "1"]
[SourceVersionDate "2018.04.19"]
[SourceQuality "1"]

1. Nf3 c5 2. g3 Nc6 3. Bg2 b6 4. 0-0 Bb7 5. e4 d6 6. c3 e6 7. d4 Nf6 8. e5 dxe5 9. Nxe5 Rc8 10. Qa4 Qc7 11. Na3 a6 12. Bf4 b5 13. Nxb5 axb5 14. Qxb5 Nd5 15. Bxd5 exd5 16. Ng6 hxg6 17. Bxc7 Rxc7 18. Rfe1+ Kd8 19. dxc5 Be7 20. Rad1 Na7 21. Qb3 Bxc5 22. Rxd5+ Kc8 23. Rxc5 Rxc5 24. Qxf7 Rd8 25. Re8 Rcd5 26. Rxd8+ Rxd8 27. f3 Rd1+ 28. Kf2 Rd2+ 29. Ke3 Rxb2 30. Qf8+ Kc7 31. Qxg7+ Kb6 32. Qxg6+ Nc6 33. h4 Ba6 34. h5 Re2+ 35. Kf4 Kc5 36. h6 Bc4 37. h7 Rh2 38. Qg7 1-0

[Event "Kahramanmaras op 9th"]
[Site "Kahramanmaras"]
[Date "2018.04.04"]
[Round "2"]
[White "Kuruz, Yusuf"]
[Black "Demircin, Kasim"]
[Result "0-1"]
[WhiteElo "1859"]
[BlackElo "1951"]
[PlyCount "94"]
[EventDate "2018.04.03"]
[EventType "swiss"]
[EventRounds "9"]
[EventCountry "TUR"]
[SourceTitle "CBM 183 Extra"]
[Source "ChessBase"]
[SourceDate "2018.04.19"]
[SourceVersion "1"]
[SourceVersionDate "2018.04.19"]
[SourceQuality "1"]

1. e4 e5 2. Nf3 Nc6 3. Bb5 Nf6 4. d3 d6 5. Nbd2 Be7 6. Nc4 a6 7. Bxc6+ bxc6 8. h3 c5 9. Bd2 Be6 10. b3 h6 11. Qe2 Nd7 12. Ne3 a5 13. a4 Nb8 14. 0-0 Nc6 15. Nc4 0-0 16. Ne3 Qd7 17. Bc3 Nd4 18. Bxd4 cxd4 19. Nc4 f5 20. exf5 Bxf5 21. Kh2 Rf7 22. Ng1 Be6 23. g3 Bd5 24. Nd2 Raf8 25. Ne4 Bb7 26. f3 d5 27. Nf2 Bd6 28. Ng4 Rf5 29. Kg2 h5 30. Nh2 Qf7 31. h4 Qg6 32. Nh3 e4 33. Ng5 Rxg5 34. hxg5 Qxg5 35. Kh1 Qxg3 36. fxe4 dxe4 37. Rxf8+ Kxf8 38. Rf1+ Kg8 39. dxe4 Bxe4+ 40. Nf3 Qh3+ 41. Kg1 Qg4+ 42. Qg2 Bc5 43. Kh2 Qf4+ 44. Kh1 g5 45. Qh3 g4 46. Qxh5 Bxf3+ 47. Rxf3 Qxf3+ 0-1

[Event "TUR Cup										"]
[Site "Antalya"]
[Date "2018.02.02"]
[Round "10"]
[White "Saka, Irfan"]
[Black "Demircin, Kasim"]
[Result "0-1"]
[WhiteElo "1812"]
[BlackElo "1932"]
[PlyCount "84"]
[EventDate "2018.01.27"]
[EventType "swiss"]
[EventRounds "11"]
[EventCountry "TUR"]
[SourceTitle "CBM 182 Extra"]
[Source "ChessBase"]
[SourceDate "2018.02.23"]
[SourceVersion "1"]
[SourceVersionDate "2018.02.23"]
[SourceQuality "1"]

1. d4 Nf6 2. Nf3 e6 3. c4 b6 4. Nc3 Bb7 5. Bg5 d5 6. e3 Be7 7. cxd5 Nxd5 8. Bxe7 Qxe7 9. Bd3 0-0 10. Rc1 c5 11. 0-0 cxd4 12. Nxd4 Nd7 13. Qe2 Nc5 14. Bb1 g6 15. Nxd5 Bxd5 16. e4 Bb7 17. b4 Ba6 18. b5 Bb7 19. Rfd1 Rac8 20. f3 Rfd8 21. Bc2 Qg5 22. Qe1 h5 23. Qd2 Qxd2 24. Rxd2 e5 25. Rcd1 exd4 26. Rxd4 Ne6 27. R4d2 Rxd2 28. Rxd2 Kf8 29. Bb3 Rc1+ 30. Kf2 Nc5 31. Bc2 Ke7 32. Ke3 Ra1 33. Bd1 Bc8 34. f4 Be6 35. f5 Bxa2 36. fxg6 fxg6 37. Be2 Be6 38. h3 Kf6 39. Rd8 Ke5 40. g4 Ra3+ 41. Kf2 Nxe4+ 42. Kg2 Ra2 0-1

[Event "TUR Cup"]
[Site "Antalya"]
[Date "2017.02.02"]
[Round "8"]
[White "Aslanhan, Halis"]
[Black "Demircin, Kasim"]
[Result "0-1"]
[WhiteElo "1771"]
[BlackElo "1962"]
[PlyCount "28"]
[EventDate "2017.01.28"]
[EventType "swiss"]
[EventRounds "11"]
[EventCountry "TUR"]
[SourceTitle "CBM 176 Extra"]
[Source "ChessBase"]
[SourceDate "2017.03.02"]
[SourceVersion "1"]
[SourceVersionDate "2017.03.02"]
[SourceQuality "1"]

1. e4 e5 2. Nf3 Nc6 3. d4 exd4 4. Bc4 Bc5 5. c3 Nf6 6. cxd4 Bb4+ 7. Bd2 Bxd2+ 8. Nbxd2 d5 9. exd5 Nxd5 10. 0-0 0-0 11. h3 Bf5 12. Re1 Nb6 13. d5 Nxd5 14. Ne4 Nde7 0-1

[Event "TUR Cup"]
[Site "Antalya"]
[Date "2017.01.31"]
[Round "5"]
[White "Demircin, Kasim"]
[Black "Eken, Atakan"]
[Result "1-0"]
[WhiteElo "1962"]
[BlackElo "1690"]
[PlyCount "91"]
[EventDate "2017.01.28"]
[EventType "swiss"]
[EventRounds "11"]
[EventCountry "TUR"]
[SourceTitle "CBM 176 Extra"]
[Source "ChessBase"]
[SourceDate "2017.03.02"]
[SourceVersion "1"]
[SourceVersionDate "2017.03.02"]
[SourceQuality "1"]

1. e4 e5 2. Nf3 Nc6 3. Bc4 Bc5 4. 0-0 Nf6 5. d3 h6 6. c3 d6 7. a4 a6 8. Na3 0-0 9. Be3 Ba7 10. Nc2 Ne7 11. Qe2 Ng6 12. b4 Qe7 13. b5 Bxe3 14. fxe3 axb5 15. axb5 Be6 16. Bxe6 fxe6 17. Nd2 d5 18. exd5 exd5 19. d4 exd4 20. Nxd4 Ne4 21. Nxe4 Qxe4 22. Rxa8 Rxa8 23. c4 dxc4 24. Qxc4+ Kh7 25. Qe6 Re8 26. Qxe4 Rxe4 27. Kf2 Ne5 28. h3 Nc4 29. Re1 Kg6 30. Kf3 Re7 31. g4 Kg5 32. Nf5 Rf7 33. h4+ Kf6 34. h5 Ne5+ 35. Kg3 Kg5 36. Nh4 Rf6 37. Rc1 c6 38. Rc5 Re6 39. bxc6 bxc6 40. Nf3+ Kf6 41. Nxe5 Rxe5 42. Rxc6+ Kf7 43. Kf4 Ra5 44. e4 Ra1 45. Kf5 Rf1+ 46. Ke5 1-0

[Event "TUR Cup"]
[Site "Antalya"]
[Date "2017.01.29"]
[Round "3"]
[White "Demircin, Kasim"]
[Black "Ay, Serdar"]
[Result "0-1"]
[WhiteElo "1962"]
[BlackElo "1725"]
[PlyCount "50"]
[EventDate "2017.01.28"]
[EventType "swiss"]
[EventRounds "11"]
[EventCountry "TUR"]
[SourceTitle "CBM 176 Extra"]
[Source "ChessBase"]
[SourceDate "2017.03.02"]
[SourceVersion "1"]
[SourceVersionDate "2017.03.02"]
[SourceQuality "1"]

1. Nf3 d5 2. g3 Nf6 3. Bg2 Bf5 4. 0-0 h6 5. c4 c6 6. b3 e6 7. Bb2 Be7 8. d3 0-0 9. Nbd2 Nbd7 10. a3 a5 11. Re1 Bh7 12. e4 dxe4 13. Nxe4 Nxe4 14. dxe4 Nc5 15. Nd4 Qb6 16. Qg4 Bf6 17. e5 Be7 18. Re2 Nxb3 19. Nxe6 fxe6 20. Qxe6+ Rf7 21. Bd5 Raf8 22. c5 Nxc5 23. Qxe7 cxd5 24. Qh4 Ne4 25. e6 Rxf2 0-1

[Event "Manavgat Turkey Cup"]
[Site "Manavgat"]
[Date "2016.02.06"]
[Round "11"]
[White "Demir, Hilmi Mustafa"]
[Black "Demircin, Kasim"]
[Result "1-0"]
[WhiteElo "1823"]
[BlackElo "1950"]
[PlyCount "131"]
[EventDate "2016.01.30"]
[EventType "swiss"]
[EventRounds "11"]
[EventCountry "TUR"]
[SourceTitle "CBM 170 Extra"]
[Source "ChessBase"]
[SourceDate "2016.02.25"]
[SourceVersion "1"]
[SourceVersionDate "2016.02.25"]
[SourceQuality "1"]

1. e4 c6 2. d4 d5 3. Nd2 dxe4 4. Nxe4 Nf6 5. Nxf6+ gxf6 6. c3 Bf5 7. Nf3 Nd7 8. Bf4 Nb6 9. Be2 e6 10. a4 Nd5 11. Bg3 Qb6 12. Ra2 a5 13. 0-0 Bh6 14. Nh4 Bg6 15. Bf3 Rd8 16. Qe2 Nf4 17. Bxf4 Bxf4 18. g3 Bc7 19. Re1 f5 20. Ng2 Kf8 21. h4 h5 22. Raa1 Bd6 23. Kh2 Qc7 24. Qe3 Qe7 25. Nf4 Qf6 26. Kg1 Kg7 27. Rad1 Rhe8 28. Qc1 Bc7 29. Kg2 Rd7 30. Rh1 Red8 31. Nh3 Qe7 32. Qe3 f6 33. Rhe1 e5 34. dxe5 fxe5 35. Rxd7 Rxd7 36. Rd1 Rxd1 37. Bxd1 f4 38. Nxf4 Qf7 39. Nxg6 Qxg6 40. Qe2 Qd6 41. Qxh5 Bd8 42. Bb3 Qf6 43. Qe8 Bb6 44. Qg8+ Kh6 45. Qe6 Qxe6 46. Bxe6 Bc5 47. Bd7 Be7 48. Kh3 Bc5 49. f3 Be3 50. Kg4 Bf2 51. c4 Bd4 52. b3 Bf2 53. Bf5 Be3 54. Kh3 Kg7 55. g4 Kh6 56. g5+ Kg7 57. Kg4 c5 58. h5 b6 59. Be4 Kf7 60. Kf5 Bf4 61. Bd5+ Kg7 62. h6+ Kh7 63. Be4 Kh8 64. Kf6 Bd2 65. Kg6 Bf4 66. Kh5 1-0

[Event "Manavgat Turkey Cup"]
[Site "Manavgat"]
[Date "2016.02.04"]
[Round "9"]
[White "Bozkurt, Mehmet Baris"]
[Black "Demircin, Kasim"]
[Result "0-1"]
[WhiteElo "1559"]
[BlackElo "1950"]
[PlyCount "103"]
[EventDate "2016.01.30"]
[EventType "swiss"]
[EventRounds "11"]
[EventCountry "TUR"]
[SourceTitle "CBM 170 Extra"]
[Source "ChessBase"]
[SourceDate "2016.02.25"]
[SourceVersion "1"]
[SourceVersionDate "2016.02.25"]
[SourceQuality "1"]

1. e4 c5 2. Nf3 Nc6 3. d4 cxd4 4. Nxd4 e6 5. Nxc6 bxc6 6. Nc3 d5 7. exd5 cxd5 8. Bd3 Nf6 9. 0-0 Be7 10. Ne2 0-0 11. c4 dxc4 12. Bxc4 Qc7 13. b3 Bb7 14. Ng3 Qc6 15. f3 h5 16. Qe2 h4 17. Ne4 Nxe4 18. fxe4 Qxe4 19. Qxe4 Bxe4 20. Be3 a5 21. Rfd1 Bc6 22. Rac1 Rfc8 23. Bb6 Ba3 24. Rc2 Bb4 25. Rcc1 Be7 26. Kf1 a4 27. Kg1 Bg5 28. Rc2 Be4 29. Re2 Bf5 30. Be3 Bf6 31. Red2 Bg4 32. Rf1 Rc6 33. Bb5 Rc3 34. Bd4 Bxd4+ 35. Rxd4 axb3 36. axb3 Bf5 37. Bc4 Rc2 38. b4 h3 39. gxh3 Rc8 40. Bb3 Rb2 41. Bd1 Bxh3 42. Rf2 Rb1 43. Rfd2 Bf5 44. Kf2 Rcc1 45. Rd8+ Kh7 46. R2d4 Rc7 47. Be2 g5 48. b5 Kg6 49. R8d7 Rxd7 50. Rxd7 Rh1 51. b6 Rxh2+ 52. Kf1 0-1